000 01529cam a2200409 i 4500
999 _c21705
_d21705
001 18494042
003 OSt
005 20200612095453.0
007 ta
008 140506s2014 ii ab b 001 0 eng d
010 _a 2014357421
020 _a9789380607535
020 _a9380607539
025 _aI-E-2014-357421; 17-91; 60-91
035 _a(OCoLC)ocn880609799
035 _a(OCoLC)880609799
_z(OCoLC)839389522
_z(OCoLC)839395629
037 _bLibrary of Congress -- New Delhi Overseas Office
040 _aDKAGE
_beng
_coclc
_erda
_dOCLCO
_dOCLCF
_dYDXCP
_dBTCTA
_dDLC
042 _alccopycat
_alcode
043 _aa-ii---
050 0 0 _aNA1502
_b.K46 2014
082 0 4 _a720.954
_223
_bKOC/M
100 _a Koch, Ebba
_eauthor.
_92806
245 1 0 _aMughal architecture :
_bAn outline of its history and development 1526-1858 /
_cEbba Koch.
250 _aRevised Ed.
264 1 _aDelhi :
_bPrimus Books,
_c2014.
300 _axi, 165 pages :
_billustrations (some color), map ;
_c24 cm
336 _atext
_btxt
_2rdacontent
337 _aunmediated
_bn
_2rdamedia
338 _avolume
_bnc
_2rdacarrier
500 _aPreviously published by Prestel in 1991 and Oxford University Press in 2002.
504 _aIncludes bibliographical references (pages 145-157) and index.
650 0 _aIslamic architecture
_zIndia.
906 _a7
_bcbc
_ccopycat
_d3
_encip
_f20
_gy-gencatlg
942 _2ddc
_cBK
_h720.954
_iKOC/M
_k720.954
_mKOC/M